European Union - Sudden Death - Statistics

General Stats
  • This quiz has been taken 338 times
  • The average score is 16 of 27
Answers on the Grid
Answers color-coded by a green-red scale on the quiz's grid according to % correct below.
Albania
Armenia
Andorra
Austria
Azerbaijan
Belarus
Belgium
Bosnia and Herzegovina
Bulgaria
Croatia
Cyprus
Czech Republic
Denmark
Estonia
Finland
France
Georgia
Germany
Greece
Hungary
Iceland
Ireland
Italy
Kazakhstan
Kosovo
Latvia
Liechtenstein
Lithuania
Luxembourg
Malta
Moldova
Monaco
Montenegro
Netherlands
North Macedonia
Norway
Poland
Portugal
Romania
Russia
San Marino
Serbia
Slovakia
Slovenia
Spain
Sweden
Switzerland
Turkey
Ukraine
United Kingdom
Vatican City
 
Answer Stats
Answer % Correct
Portugal
67%
Spain
67%
Belgium
66%
Germany
65%
Netherlands
64%
Czech Republic
63%
France
63%
Austria
62%
Italy
62%
Poland
62%
Luxembourg
61%
Ireland
59%
Greece
59%
Denmark
59%
Hungary
59%
Sweden
56%
Lithuania
55%
Croatia
55%
Romania
55%
Estonia
55%
Slovakia
54%
Slovenia
54%
Latvia
52%
Finland
48%
Bulgaria
47%
Malta
44%
Cyprus
44%
No matching quizzes found
Score Distribution
Percent of People with Each Score
Percentile by Number Answered
Your Score History
You have not taken this quiz